Wszystkie państwa w NATO - Statystyki

Ogólne statystyki
  • Ten quiz został rozwiązany 38 razy
  • Średni wynik to 30 z 32
Statystyki odpowiedzi
Hint Odpowiedź % Poprawnych
2023 finlandia
100%
1982 hiszpania
100%
1949 holandia
100%
1999 polska
100%
2004 słowenia
100%
2024 szwecja
100%
1949 usa
100%
1949 belgia
97%
2009 chorwacja
97%
1949 kanada
97%
1949 norwegia
97%
1949 portugalia
97%
2004 słowacja
97%
1949 wielka brytania
97%
1999 czechy
93%
2004 estonia
93%
1949 francja
93%
1952 grecja
93%
2004 litwa
93%
2004 łotwa
93%
1949 luksemburg
93%
1955 niemcy
93%
2009 albania
90%
1949 islandia
90%
1999 węgry
90%
1949 włochy
90%
2004 bułgaria
86%
2004 rumunia
86%
1952 turcja
86%
1949 dania
83%
2020 macedonia
83%
2017 czarnogóra
76%
Nie znaleziono quizów pasujących do podanych kryteriów
Rozkład punktacji
Procent ludzi z każdym wynikiem
Percentyl według liczby udzielonych odpowiedzi
Twoja historia wyników
Nie rozwiązałeś tego quizu